Programmed thermodynamics

This programmed text is sufficiently different from the usual textbook that a few words about its design and use essm appropriate.

में बचाया:
ग्रंथसूची विवरण
मुख्य लेखक: Wales, Charles E.
स्वरूप: पुस्तक
भाषा:Undetermined
प्रकाशित: New York McGraw-Hill 1970
विषय:
टैग : टैग जोड़ें
कोई टैग नहीं, इस रिकॉर्ड को टैग करने वाले पहले व्यक्ति बनें!
Thư viện lưu trữ: Trung tâm Học liệu Trường Đại học Cần Thơ
LEADER 00653nam a2200193Ia 4500
001 CTU_2336
008 210402s9999 xx 000 0 und d
082 |a 536.7 
082 |b W172/Vol.2 
100 |a Wales, Charles E. 
245 0 |a Programmed thermodynamics 
245 0 |c Charles E Wales 
260 |a New York 
260 |b McGraw-Hill 
260 |c 1970 
520 |a This programmed text is sufficiently different from the usual textbook that a few words about its design and use essm appropriate. 
650 |a Thermodynamics,Nhiệt động lực học 
904 |i Minh,Hải 
980 |a Trung tâm Học liệu Trường Đại học Cần Thơ